La géométrie intégrale du contour gauche /
Guardado en:
| Autor Principal: | |
|---|---|
| Otros Autores: | , |
| Formato: | Libro |
| Idioma: | French |
| Publicado: |
Paris :
Gauthier-Villars,
1949.
|
| Etiquetas: |
Agregar Etiqueta
Sin Etiquetas, Sea el primero en etiquetar este registro!
|
| LEADER | 00577nam a22001695a 4500 | ||
|---|---|---|---|
| 001 | MAT.inmabb001619 | ||
| 008 | 031124s1949####fr############000#0#fre#d | ||
| 005 | 20170818115713.0 | ||
| 245 | 1 | 3 | |a La géométrie intégrale du contour gauche / |c par André Bloch, Gustave Guillaumin ; préface de É. Cartan. |
| 260 | |a Paris : |b Gauthier-Villars, |c 1949. | ||
| 300 | |a vi, 141 p. ; |c 24 cm. | ||
| 510 | 4 | |a MR, |c MR0029236 | |
| 100 | 1 | |a Bloch, André. | |
| 700 | 1 | |a Guillaumin, Gustave. | |
| 700 | 1 | |a Cartan, Elie, |d 1869-1951. |4 aui | |
| 084 | |a 53-XX |2 msc2000 | ||
| 859 | |h 53 |i B651 |p A-2011 |b BIB. MATEMATICA | ||
